Akcie a ich zobrazenie v účtovníctve podnikateľských subjektov diplomová práca

Uložené v:
Podrobná bibliografia
Hlavný autor: Čičová, Lenka
Korporativný autor: Fakulta hospodárskej informatiky EU. Katedra účtovníctva a audítorstva
Ďalší autori: Juhászová, Zuzana, 1970-
Médium: Kniha
Jazyk:Slovak
Vydavateľské údaje: Bratislava 2013
Tagy: Pridať tag
Žiadne tagy, Buďte prvý, kto otaguje tento záznam!

MARC

LEADER 00000nbm a2200000 4500
001 0191560
005 20161228110510.7
041 0 |a slo 
044 |a SK 
245 1 0 |a Akcie a ich zobrazenie v účtovníctve podnikateľských subjektov  |b diplomová práca  |c Lenka Čičová ; školiteľ: Zuzana Juhászová 
264 1 |a Bratislava  |c 2013 
300 |a 74 s. 
100 1 |a Čičová, Lenka 
700 1 |a Juhászová, Zuzana, 1970- 
710 2 |a Fakulta hospodárskej informatiky EU. Katedra účtovníctva a audítorstva